Bezpečnosť chladiarenských systémov
Salvato in:
| Autore principale: | |
|---|---|
| Altri autori: | |
| Natura: | Manoscritto Libro |
| Lingua: | slovacco |
| Pubblicazione: |
Trnava :
STU v Bratislave MTF UBEI,
2012
|
| Soggetti: | |
| Accesso online: | VAIS |
| Tags: |
Nessun Tag, puoi essere il primo ad aggiungerne!!
|
MARC
| LEADER | 00000ntm a22000003a 4500 | ||
|---|---|---|---|
| 001 | stu251294 | ||
| 005 | 20150617230203.2 | ||
| 008 | 120719s2012----xo------------------slo-d | ||
| 040 | |a STU |b slo | ||
| 041 | 0 | |a slo | |
| 044 | |a xo | ||
| 100 | 1 | |a Cingel, Zoltán, |d 1980- |4 aut |u M |T MTF Materiálovotechnologická fakulta |X 69651 |U M |Y 60 |7 A000069651 | |
| 242 | 0 | 0 | |a Coolilng systems assurance |y eng |
| 245 | 1 | |a Bezpečnosť chladiarenských systémov | |
| 260 | |a Trnava : |b STU v Bratislave MTF UBEI, |c 2012 | ||
| 300 | |a 56 s | ||
| 650 | 7 | |a bezpečnosť a ochrana zdravia pri práci |2 stusub | |
| 650 | 7 | |a Occupational Health and Safety |2 estusub | |
| 650 | 7 | |a risk analysis |2 estusub | |
| 650 | 7 | |a cooling |2 estusub | |
| 650 | 7 | |a chladivá |2 stusub | |
| 650 | 7 | |a chladenie |2 stusub | |
| 650 | 7 | |a bezpečnosť práce |2 stusub | |
| 650 | 7 | |a analýza rizika |2 stusub | |
| 650 | 7 | |a amoniak |2 stusub | |
| 700 | 1 | |a Tureková, Ivana, |d 1960- |4 ths |u M5000 |U MTF Materiálovotechnologická fakulta |T MTF Ústav bezpečnosti, environmentu a kvality |X 207 |U M5000 |Y 85 |7 A000000207 | |
| 856 | 4 | |a info a plný text |u http://is.stuba.sk/zp/portal_zp.pl?podrobnosti=71455 |3 VAIS | |
| 996 | |c M*BP-5938 |l MMSKP |s P |a 0 |w stu251294_0001 | ||